Pratik, teoriyi daima aşıyor (Kayıt no. 557)

MARC ayrıntıları
000 -BAŞLIK
Sabit Uzunlukta Kontrol Alanı 00755na a2200253 4500
001 - KONTROL NUMARASI
Denetim Alanı 15866
003 - KONTROL NUMARASI IDENTIFIER
Denetim Alanı MIRAKIL
005 - SON İŞLEM TARİHİ VE ZAMANI
Denetim Alanı 20181213154753.0
008 - SABİT-BOY VERİ ELEMANLARI - GENEL BİLGİLER
Sabit Uzunlukta Kontrol Alanı 161006b tu 000 0
020 ## - ULUSLARARASI STANDART KİTAP NUMARASI
Uluslararası Standart Kitap Numarası 9757351083
040 ## - KATALOGLAMA KAYNAK
Orijinal Kataloglama Ajansı Milas
Kataloglama Dili tur
Metne Dönüştürmek Ajansı TR-AnCHP
082 ## - DEWEY ONLU SINIFLANDIRMA NUMARASI
Sınıflandırma Numarası 320.51
Ürün Numarası Ü47p 1996
090 ## - SINIFLAMA NUMARASI
Sınıflama Numarası 320.51 Ü47p 1996
100 ## - ANA GİRİŞ - KİŞİSEL İSİM
Kişisel Ad Ülsever, Cüneyt
Bir Adıyla İlişkilendirilen Tarihler 1951-
245 ## - BAŞLIK TABLOSU
Başlık Pratik, teoriyi daima aşıyor
Sorumluluk Tablosu, Vb Cüneyt Ülsever
260 ## - YAYIN, DAĞITIM, VB
Yayın, Dağıtım, Vb Yeri Ankara
Yayıncı, Dağıtıcı, Vs Adı Liberal Düşünce Topluluğu
Yayın, Dağıtım, Vb Tarihi 1996
300 ## - FİZİKSEL TANIM
Kapsam 210 s.
Boyutlar 20 sm.
490 ## - SERİSİ TABLOSU
Seri Beyanı Liberal Düşünce Topluluğu yayınları
Hacim / Ardışık Tanımı 9
650 ## - KONU KATMA GİRİŞ - TOPİKAL DÖNEM
Topikal Süreli Veya Coğrafi Ad Giriş Elemanı Avrupa Ekonomik Topluluğu
Coğrafi Alt Bölümü Türkiye
650 ## - KONU KATMA GİRİŞ - TOPİKAL DÖNEM
Topikal Süreli Veya Coğrafi Ad Giriş Elemanı Laiklik
Coğrafi Alt Bölümü Türkiye
650 ## - KONU KATMA GİRİŞ - TOPİKAL DÖNEM
Topikal Süreli Veya Coğrafi Ad Giriş Elemanı Gümrük Birliği
Genel Alt Bölümü Türkiye
650 ## - KONU KATMA GİRİŞ - TOPİKAL DÖNEM
Topikal Süreli Veya Coğrafi Ad Giriş Elemanı Liberalizm
Coğrafi Alt Bölümü Türkiye
942 ## - EKLENDİ GİRİŞ ELEMANLARI (KOHA)
Sınıflandırma Veya Raf Düzeni Kaynak Dewey Decimal Classification
Koha Öğesi Türü Kitaplar
999 ## - SİSTEM KONTROL NUMARALARI (KOHA)
Koha Biblionumber 557
Koha Biblioitemnumber 557
Mevcut
Kalıcı Konum Mevcut Konum Edinme Tarihi Edinim Kaynak Toplam Check-Out'Lar Tam Çağrı Numarası Barkod Tarih Son Görülme İtibaren Geçerli Fiyatlar Koha Öğesi Türü
CHP Kütüphanesi CHP Kütüphanesi 09/25/2016 Bağış   320.51 Ü47p 1996 004202 09/25/2016 09/25/2016 Kitaplar